| 000 | 00340nam a2200133 a 4500 | ||
|---|---|---|---|
| 001 | 000041303 | ||
| 005 | 20201002034754.0 | ||
| 008 | 130930s1972 000 spa d | ||
| 040 |
_aDO-SdBNP _bSpa _cBNPHU |
||
| 082 | _bC355e | ||
| 245 | 3 | _aLa expresión. | |
| 260 |
_aCaracas-- : _bMonte Avila editores, _c1972. |
||
| 300 |
_a118 p. : _b27 cm. |
||
| 999 |
_c40793 _d40793 |
||